MDQL
is popping MORE tags! Check the
thread
!
Quizzes
Events
Quiz Creation
Community
Videos
Private Events
Remove Ads
Sign In
Join for FREE
Feedback
Dark Mode
Quiz Categories
Sports
Geography
Music
Movies
Television
Just For Fun
Miscellaneous
History
Literature
Language
Science
Gaming
Entertainment
Religion
Holiday
For Kids
Quiz Lab
Recent
Popular Today
Quiz Kudos Today
Editor Picks
Curator Picks
Quizzes by...
Day
Popularity
Type
Ratings
Length
Year
Community
Subscriptions
Recent Discussions
Orange Saloon
Badges
Playlists
Quests
Create
Leaderboards
Showdown
Live 5
Trivia Bingo
Activity
Puzzle Library
Sporcle Events
Private Events
Virtual Trivia
Globe League
Become a Host
Pub Owners
SporcleCon
Opinionation
Our Games
Videos
Blog
Mobile Apps
Partnerships
Remove Ads and Go Orange
Feedback
Music
Pop Music
The Beatles
Song
Album
Lyrics
Bands
Singers
Artist
Clip
Rock
Rap
Classical
Billboard
Country Music
Kpop
Taylor Swift
Music
Pop Music
The Beatles
Song
Album
Lyrics
Bands
Singers
Artist
Clip
Rock
Rap
Classical
Billboard
Country Music
Kpop
Taylor Swift
Random Quiz
Search Sporcle
×
Quiz Lab
Quiz Lab
Music
Kpop
Type in answers that appear in a list
Type in answers that appear in a list
Classic
Best Score? Go Orange.
Name The Albums Of These Groups Stats
Name the albums these groups have released
By
ParkSanni
17m
150 Questions
344 Plays
344 Plays
344 Plays
Comments
Comments
Give Quiz Kudos
Give Quiz Kudos
-
- Ratings
hide this ad
More Info
Replay
Link that replays current quiz
Next Quiz
Link to next quiz in quiz playlist
You Got
0%
They Got
Avg Score
28%
Avg Friend Score
Upgrade to see
Score Distribution
Jump to the score distribution portion of the page
Score
0/150
Timer
17:00
0
Plays Today
Group
Album
% Correct
Red Velvet
The Red
77.6%
EXO
Mama
76.7%
EXO
The War
71.8%
EXO
XOXO
67.4%
GOT7
Mad
65.4%
Big Bang
MADE
64%
EXO
EXODUS
63.7%
BTS
Wings
63.4%
Girl's Day
Love
63.4%
EXO
EX'ACT
60.5%
EXO
EX'ACT
60.2%
SNSD
Lion Heart
57%
Super Junior
Mamacita
55.2%
Red Velvet
Rookie
54.1%
Super Junior
Sorry Sorry
52.9%
Red Velvet
Ice Cream Cake
52.6%
EXO
Overdose
52%
EXO
Lotto
52%
EXO
Growl
50.9%
Red Velvet
Russian Roulette
50.6%
EXO
Love Me Right
50%
SNSD
Gee
50%
EXO
Miracles In December
48.8%
Super Junior
Devil
48.3%
EXO
Sing For You
47.1%
BTS
You Never Walk Alone
46.8%
SNSD
Oh!
44.8%
BTS
The Most Beautiful Moment In Life
44.8%
Red Velvet
The Velvet
44.2%
Super Junior
Mr.Simple
43.9%
SNSD
I Got A Boy
43.6%
SNSD
The Boys
43%
Red Velvet
The Red Summer
41.9%
SNSD
Mr.Mr
41.9%
Super Junior
Bonamana
41.6%
F(x)
4 Walls
40.4%
Super Junior
Magic
39.8%
BTS
Dark & Wild
39.2%
GOT7
Flight Log: Arrival
39%
BTS
Skool Luv Affair
38.7%
SHINee
1 Of 1
38.4%
Twice
Signal
38.1%
SHINee
Lucifer
38.1%
SHINee
Replay
37.8%
NCT
Cherry Bomb
37.8%
SNSD
Tell Me Your Wish
37.2%
GOT7
Flight Log: Turbulence
36.6%
Super Junior
Sexy, Free & Single
35.5%
F(x)
Red Light
35.5%
NCT
Limitless
35.2%
Group
Album
% Correct
SNSD
Girls' Generation
34%
GOT7
Just Right
33.7%
GOT7
Flight Log: Departure
33.7%
SHINee
Odd
33.7%
F(x)
Electric Shock
32.6%
BTS
O!RUL8,2?
32%
SHINee
Sherlock
31.4%
SNSD
Hoot
30.8%
Big Bang
Alive
30.5%
2NE1
Crush
30.5%
SNSD
Run Devil Run
30.5%
Block B
Her
29.7%
SHINee
Hello
29.4%
Nu'est
Hello
29.4%
Twice
Page Two
29.1%
F(x)
Pink Tape
28.5%
WJSN
The Secret
28.2%
SHINee
Everybody
27.3%
Oh My Girl
Closer
26.5%
Oh My Girl
Coloring Book
25.3%
2NE1
2NE1
24.7%
iKON
Welcome Back
24.7%
F(x)
NU ABO
24.7%
BTS
The Most Beautiful Moment In Life Pt.2
24.4%
Twice
TWICEcoaster Lane 1
24.4%
Twice
The Story Begins
23.8%
Winner
EXIT: E
23.8%
SHINee
Dream Girl - The Misconceptions Of You
23.8%
F(x)
Hot Summer
23.8%
Super Junior
SPY
23.5%
Twice
TWICEcoaster Lane 2
23.5%
B.A.P
One Shot
23.5%
Oh My Girl
Windy Day
23%
Super Junior
This Is Love
22.7%
GOT7
Got It?
21.8%
2NE1
To Anyone
21.5%
Big Bang
Tonight
20.9%
GOT7
Got Love
20.9%
SHINee
Why So Serious? - The Misconceptions Of Me
20.6%
Super Junior
Don't Don
18.9%
SHINee
The SHINee World
18.6%
F(x)
Pinocchio
18.6%
Big Bang
Remember
18.3%
Lovelyz
Hi~
18%
B.A.P
Noir
17.7%
SHINee
Amigo
17.4%
Super Junior
A-Cha
16.9%
Big Bang
Still Alive
16.9%
SNSD
Baby Baby
16.9%
Super Junior
It's You
15.1%
Group
Album
% Correct
Big Bang
Stand Up
15.1%
Winner
2014 S|S
15.1%
B.A.P
Carnival
15.1%
Super Junior
Super Junior 05
14.8%
Big Bang
Always
14.8%
Oh My Girl
Pink Ocean
14.5%
SHINee
Romeo
14.2%
Big Bang
Hot Issue
14%
Oh My Girl
Oh My Girl
13.7%
Nu'est
Action
13.7%
Block B
Very Good
13.7%
Big Bang
Big Bang Vol.1
13.4%
Block B
Blooming Period
13.1%
SHINee
2009, Year Of Us
12.8%
GOT7
Identity
12.5%
NCT
NCT #127
12.5%
WJSN
Happy Moment
12.2%
B.A.P
No Mercy
12.2%
Girl's Day
Everyday
11.9%
Girl's Day
Expectation
11.9%
B.A.P
Badman
11.9%
Block B
Blockbuster
11.9%
SHINee
The Misconceptions Of Us
11.6%
B.A.P
Matrix
11.3%
WJSN
From.우주소녀
10.8%
B.A.P
First Sensibility
10.8%
Girl's Day
Female President
10.5%
Nu'est
Sleep Talking
10.2%
Nu'est
Canvas
10.2%
Nu'est
Q Is
9.3%
WJSN
Would You Like?
9%
Block B
Welcome To The Block
9%
Nu'est
Re:Birth
8.7%
Block B
New Kids On The Block
8.7%
Lovelyz
Now, We
8.4%
Big Bang
Big Bang Special Edition
8.1%
Oh My Girl
Listen To My Word
8.1%
Girl's Day
Everyday II
7.8%
2NE1
2nd Mini Album
7%
B.A.P
Crash
6.7%
Girl's Day
I Miss You
6.4%
Girl's Day
Girl's Day Everyday #5
6.4%
Lovelyz
Lovelyz8
5.8%
Girl's Day
Girl's Day Everyday #4
5.5%
Lovelyz
Girls' Invasion
5.5%
Girl's Day
Girl's Day Everyday #3
5.2%
BTS
Skool Luv Affair Special Edition
4.9%
Girl's Day
Girl's Day Part #1
4.9%
Lovelyz
R U Ready?
4.9%
Lovelyz
A New Trilogy
4.7%
Quiz Playlist
Details
Report
Send in Message
Add To Playlist
More Info:
2017.07.18. No single albums, only Korean releases
Classic:
Type in answers that appear in a list
Last Updated: Jul 19, 2017
Quiz Scoreboard
CHALLENGE
Sign Up to Join the Scoreboard
Show All
Scores
Hide
Comments
May contain spoilers
Recently Published
5x2 Blitz: Bands
by SL_Kpop136
Music
30s
Colored Red Africa Blitz
by spor1
Geography
30s
Find the 'City' Movie
by crazypaving
Movies
60s
More to Explore
Quiz From the Vault
Featured Blog Post
14 Easter Pick-up Lines to Find Eggs With
hide this ad
You Might Also Like...
Tags
Kpop Quiz
Kpop Idol
Kpop Quiz
Today's Top Quizzes in Music
Browse Music
hide this ad
Today's Top Quizzes in Kpop
Browse Kpop
Top Contributed Quizzes in Music
1
5X2 Blitz: Bands II
2
5X2 Blitz: The Beatles
3
Taylor Swift All Songs (2024)
4
5X2 Blitz: Billboard
5
Taylor Swift Logic Puzzle II
6
5X2 Blitz: Billboard II
7
5X2 Blitz: Singers
8
5X2 Blitz: Album
9
5X2 Blitz: Rock
10
5X2 Blitz: Lyrics
Explore More
Trending Topics
Harry Potter
Anime
NBA
Marvel
Kpop
Crossword
Disney
Country
The Office
Soccer
Puzzle
WWE
Song
NFL
Pokémon
hide this ad
More By:
ParkSanni
Quiz
Plays
Rating
Category
Featured
Created
Kpop Logic Quiz
4,900
3.53
Music
Oct 25, 2016
Kpop Logic Quiz pt.2
4,261
2.71
Music
Oct 28, 2016
Random Kpop Quiz
1,998
2.75
Music
Oct 26, 2016
Who am I?
1,896
2.81
Music
Oct 8, 2016
Name Kpop Fandoms
1,885
4.67
Music
Nov 2, 2016
Go to Creator's Profile
Score Distribution
Quiz Creator Spotlight
ParkSanni
Follow
Send a Message
Quizzes Created
-
Created Quiz Play Count
-
More By This Creator
Popular Quizzes Today
1
Colored Red Africa Blitz
2
Find the 'City' Movie
3
Find the US States - No Outlines Minefield
4
5x2 Blitz: Bands
5
The Countries of the World
6
Find the US States
7
US States
8
Find the Countries of Europe - No Outlines Minefield
More Music Quizzes
'Help!' Lyrics
Published
Trending Quizzes
Colored Red Europe Blitz I
Colored Red Africa Blitz II
Colored Red Europe Blitz II
Colored Red Europe Blitz III
Colored Red Africa Blitz III
Recently Updated
How Do You Spell That?
pecheneg
Godzilla Movies
pecheneg
Grab Bag: 4-10 Letters
pecheneg
2024 March Madness Bracket
pecheneg
Famous TV Couples
Peacemaker
Champions League XIs: Real Madrid
pecheneg
Largest US Cities 1790-2010
pecheneg
Rides in Walt Disney World
pecheneg
Most Oscar Losses (Acting)
pecheneg
Beyoncé Albums
pecheneg
Trending Topics
Harry Potter
Anime
Kpop
Disney
NBA
Crossword
Marvel
The Office
Soccer
Puzzle
WWE
NFL
Pokémon
Song
Country
Your Account Isn't Verified!
In order to create a playlist on Sporcle, you need to verify the email address you used during registration. Go to your
Sporcle Settings
to finish the process.
Report this User
Report this user for behavior that violates our
Community Guidelines
.
Details:
Send Report
Go to the Sporcle.com Mobile Site →
Comments